Insurance and the law of obligations

Salvato in:
Dettagli Bibliografici
Autori principali: Merkin, Robert M. (autor), Steele, Jenny (Autore)
Natura: Libro
Lingua:inglese
Pubblicazione: Oxford, United Kingdom Oxford University Press 2013
Soggetti:
Accesso online:Disponible Online
Tags: Aggiungi Tag
Nessun Tag, puoi essere il primo ad aggiungerne!!

MARC

LEADER 00000cam a2200000 a 4500
001 UCD3434
003 CL-VaPUC
005 20211203130400.0
008 160603e20130000uk |||||||||||||||||eng|d
999 |c 364470  |d 364468 
020 |a 9780199645749 
040 |c Pontificia Universidad Católica de Valparaíso 
082 0 4 |a 346.4102 MER 2013  |2 21 
100 |a Merkin, Robert M.  |e autor  |9 586909 
245 1 0 |a Insurance and the law of obligations 
260 |a Oxford, United Kingdom   |b Oxford University Press  |c 2013 
300 |a 414 páginas  
583 |a last modification  |c 20160603 11:43:00  |k Rodrigo Vera 
650 0 |a Derecho civil  |9 255013 
650 0 |a Derecho de las obligaciones   |2 CL-VaPUC  |9 328248 
650 0 |a Responsabilidad civil  |2 CL-VaPUC  |9 295720 
650 0 |a Obligaciones   |9 255578 
700 0 |a Steele, Jenny  |e author  |9 586910 
856 |u https://oxford-universitypressscholarship-com.pucv.idm.oclc.org/view/10.1093/acprof:oso/9780199645749.001.0001/acprof-9780199645749?rskey=qGKJy3&result=1  |y Disponible Online  
942 |c BK  |2 ddc 
945 |d 20160603 11:43:00  |a arojas 
952 |0 0  |1 0  |3 erd  |4 0  |6 346_410200000000000_MER_2013  |7 0  |8 A  |9 477666  |a BIBDER  |b BIBDER  |i 5290473  |l 1  |m 6  |o 346.4102 MER 2013  |p 5290473  |q 2025-12-31  |r 2020-03-04  |s 2020-03-04  |w 2019-11-24  |y BK  |z Catalogado en:20160603  |k DER